Gaming Quiz

Random Gaming or Pokémon Quiz

Fastest Pokémon by Type Quiz Stats

 Plays Quiz not verified by Sporcle

Score 0/90 Timer 10:00
0 Plays Today
Hint Answer % Correct
PsychicDeoxys (Speed)
86.3%
GhostGengar
82.4%
PoisonGengar
82.4%
PsychicMewtwo
76.5%
DragonPalkia/Salamence
70.6%
SteelLucario/Dialga/Klinklang
70.6%
NormalArceus
68.6%
ElectricElectrode
66.7%
ElectricJolteon
66.7%
FlyingNinjask
66.7%
BugNinjask
66.7%
FlyingAerodactyl
64.7%
IceWeavile
64.7%
RockAerodactyl
64.7%
DarkWeavile
64.7%
GrassSceptile
60.8%
ElectricRaikou
60.8%
GroundGarchomp
60.8%
DragonGarchomp
60.8%
FireInfernape
58.8%
FlyingCrobat
58.8%
FightingInfernape
58.8%
PoisonCrobat
58.8%
FairyGardevoir/Togekiss
58.8%
WaterGreninja
56.9%
FightingVirizion/Keldeo
56.9%
PsychicAlakazam
56.9%
DarkDarkrai
56.9%
DarkGreninja
56.9%
FireRapidash
54.9%
Hint Answer % Correct
GroundDugtrio
54.9%
IceSneasel
51%
GhostHaunter
51%
DarkSneasel
51%
PoisonHaunter/Drapion
51%
WaterKeldeo
49%
FightingCobalion/Terrakion
49%
DragonLatias
49%
DragonLatios
49%
GrassShaymin (Sky)
47.1%
FlyingShaymin (Sky)
47.1%
IceKyurem
47.1%
SteelCobalion
47.1%
SteelGenesect
47.1%
FairyXerneas
47.1%
NormalMeloetta (Pirouette)
45.1%
ElectricThundurus (Incarnate)
45.1%
IceFroslass
45.1%
FightingMeloetta (Pirouette)
45.1%
RockTerrakion
45.1%
GhostFroslass
45.1%
GhostMismagius
45.1%
GroundLandorus (Incarnate)
43.1%
RockArcheops
43.1%
PsychicAzelf
43.1%
DragonNoivern
43.1%
BugAccelgor
43.1%
SteelJirachi
43.1%
FireTalonflame
41.2%
WaterStarmie
41.2%
Hint Answer % Correct
GrassWhimsicott
41.2%
GrassSerperior
41.2%
FlyingTalonflame
41.2%
PsychicStarmie
41.2%
FairyWhimsicott
41.2%
GroundFlygon
37.3%
GroundDiglett
37.3%
NormalPersian
33.3%
WaterFloatzel
33.3%
RockKabutops
33.3%
FireDelphox
31.4%
BugDurant
31.4%
SteelDurant
31.4%
GrassJumpluff
29.4%
NormalAmbipom
27.5%
IceCryogonal
25.5%
FightingHawlucha
25.5%
PoisonScolipede
25.5%
BugScolipede
25.5%
FairyMr. Mime
25.5%
NormalCinccino
23.5%
FirePyroar
23.5%
BugGalvantula
23.5%
ElectricZebstrika
21.6%
DarkLiepard
21.6%
PoisonTentacruel
21.6%
FairyDedenne
19.6%
GhostGourgeist (Small)
17.6%
WaterSimipour
13.7%
RockAnorith
11.8%

You're not logged in!

Compare scores with friends on all Sporcle quizzes.
OR
Log In

Show Comments

Extras

Top Quizzes Today


Score Distribution

Your Account Isn't Verified!

In order to create a playlist on Sporcle, you need to verify the email address you used during registration. Go to your Sporcle Settings to finish the process.

Report this User

Report this user for behavior that violates our Community Guidelines.

Details: